01572nam a2200217 a 4500008004100000020001500041041000800056092001700064100003400081245005700115250001100172260004200183300001100225500010100236505069100337590006601028655002101094942001301115999001501128952021101143190917t2004 ag |||g |||| 001 0 spa d a987110653x aspa c808l66sPER1 aPérez-Reverte, Arturo93485 aPatente de corso 1993-1998 /cArturo Pérez-Reverte a1a ed. aBuenos Aires:bSuma de letras;c2004. a655 p. aPérez-Reverte, A. (2004). Patente de corso 1993-1998. (1a ed.). Buenos Aires : Suma de letras. aPatente de corso recoge una amplia selección de artículos periodísticos escritos durante muchos años por Arturo Pérez Reverte para el suplemento dominical El Semanal y leído por millones de españoles. De estas polémicas, originales y personalísimas páginas de opinión ha dicho el propio autor: "Escribo con tanta libertad que me sorprende que me dejen". Con estos textos se puede disentir, acordar, asumir o no sus postulados; pero es imposible no dejarse fascinar por su honestidad salvaje, su compromiso personal y su coherencia. Porque son la mirada de un eximio reportero y el espejo de la literatura, aplicados a quemarropa sobre la sociedad contemporánea.  a Proyecto 4to libro, donacion Maria Vitarelli Diciembre 2017. aLiteratura92917 2ddccLIT c2622d2622 00102ddc4070aBFMbBFMcCRd2017-12-27eDonación Maria Vitarelli, Diciembre 2017l0o808 66 PERp4144r2017-12-27tEj. 1w2017-12-27yLITzProyecto 4to libro. Donación Maria Vitarelli, Diciembre 2017